| 000 | 01121cam a22003377a 4500 | ||
|---|---|---|---|
| 001 | 3287 | ||
| 003 | FISKH | ||
| 005 | 20240223134703.0 | ||
| 008 | 100527s2010 nyua 000 1 eng | ||
| 010 | _a 2010929646 | ||
| 020 | _a9781416993957 (pbk.) | ||
| 020 | _a1416993959 (pbk.) | ||
| 020 | _a9780545344883 | ||
| 040 |
_aDLC _cDLC _beng |
||
| 050 | 0 | 0 | _aMLCS 2012/42167 (P) |
| 082 | _a514 | ||
| 100 | 1 | _aDixon, Franklin W. | |
| 245 | 1 | 0 |
_aHopping mad / _cby Franklin W. Dixon ; illustrated by Scott Burroughs. |
| 250 | _aFirst Scholastic printing, February 2011 | ||
| 260 |
_aNew York : _bScholastic, _c2010 |
||
| 300 |
_a84 pages : _billustrations ; _c20 cm |
||
| 490 | 0 |
_aThe Hardy Boys secret files ; _vBook 4 |
|
| 505 | _aN | ||
| 520 | _aYoung Frank and Joe Hardy enlist the help of their friends to solve a mysterious case involving a large number of frogs. | ||
| 521 | 8 |
_a580
_bLexile |
|
| 521 | 8 |
_aN
_bRaz-Plus |
|
| 650 |
_aHardy Boys _vFiction _xMystery |
||
| 700 | 1 |
_aBurroughs, Scott, _eillustrator |
|
| 906 |
_a7 _bcbc _corignew _d4 _eepcn _f20 _gy-gencatlg |
||
| 942 |
_2ddc _cBK _n0 |
||
| 999 |
_c3287 _d3287 |
||